| 000 | 00958nam a2200229Ia 4500 | ||
|---|---|---|---|
| 999 |
_c53484 _d53484 |
||
| 001 | 20530 | ||
| 003 | GE_BSU | ||
| 005 | 20210108213528.0 | ||
| 008 | 181216s1972||||ge |||||||||||||| ||geo|| | ||
| 040 | _cGE_BSU | ||
| 041 | _ageo | ||
| 080 | _a811.353.1-84(075.3=161.1) გ-30 | ||
| 100 |
_aგელაშვილი, ე. _97719 |
||
| 245 |
_aქართული ენა : _bსაქ. სსრ რუსული სკოლის მე-5 კლასის სახელმძღვ. / _cე. გელაშვილი ; რედ. დ. ჯიბლაძე. |
||
| 264 |
_aთბილისი : _bგანათლება, _c1972. |
||
| 300 |
_a82გვ. : _b ილ. ; _c 21 სმ. |
||
| 541 | _h12 თ. | ||
| 653 | _aმე-5 კლასის სახელმძღვანელო | ||
| 653 | _aქართული ენა | ||
| 700 |
_aჯიბლაძე, დ. _eრედაქტორი _98826 |
||
| 942 |
_cBK _2udc |
||